Manual de traumatología / (Registro nro. 116073)

Detalles MARC
000 -LEADER
campo de control de longitud fija 00549nam a2200181 4500
001 - NÚMERO DE CONTROL
campo de control 116073
003 - IDENTIFICADOR DE NÚMERO DE CONTROL
campo de control ES-MaACL
005 - FECHA Y HORA DE LA ÚLTIMA TRANSACCIÓN
campo de control 20230906190627.0
007 - CAMPO FIJO DE DESCRIPCIÓN FÍSICA--INFORMACIÓN GENERAL
campo de control de longitud fija t|
008 - DATOS DE LONGITUD FIJA--INFORMACIÓN GENERAL
campo de control de longitud fija 061121s1981 sp r ||||1| spa d
100 1# - ENTRADA PRINCIPAL--NOMBRE DE PERSONA
Nombre de persona Patel, A.
9 (RLIN) 89554
245 10 - MENCIÓN DEL TÍTULO
Título Manual de traumatología /
Mención de responsabilidad, etc. por A. Patel ; versión [del francés] del doctor T. Amat Puertolas.
250 ## - MENCION DE EDICION
Mención de edición 1ª ed.
260 ## - PUBLICACIÓN, DISTRIBUCIÓN, ETC.
Lugar de publicación, distribución, etc. Barcelona :
Nombre del editor, distribuidor, etc. Toray-Masson,
Fecha de publicación, distribución, etc. 1981.
300 ## - DESCRIPCIÓN FÍSICA
Extensión X, 326 p. :
Otras características físicas il. ;
Dimensiones 21 cm.
700 1# - ENTRADA AGREGADA--NOMBRE PERSONAL
Nombre de persona Amat Puértolas, T.
9 (RLIN) 21143
852 ## - LOCALIZACIÓN
Ubicación ES-MaACL
Número de control de estantería L-2290
Sublocalización o colección R.102849
Existencias
Estatus retirado Estado de pérdida Estado de daño No para préstamo Biblioteca de origen Biblioteca actual Ubicación en estantería Fecha de adquisición Fuente de adquisición Total de préstamos Signatura topográfica completa Código de barras Visto por última vez Precio de reemplazo Tipo de ítem Koha
        Biblioteca del Ateneo de Madrid Biblioteca del Ateneo de Madrid Depósito 2 17/01/2008     L-2290 1121041 23/02/2023 23/02/2023 Libro impreso